• 首页
  • 本馆介绍
  • 公告通知
  • 最新文献
  • 馆藏检索
  • 电子资源
  • 读者导购
  • 参考咨询
  • 我的图书馆
  • 登录
  • 详细信息显示
  • 放入我的书架
  • 预约/预借图书
  • 作者相关作品
  • 分类相关作品
  • 丛书相关作品
  • 出版社相关作品

书目信息

  • 表格格式
  • 工作单格式
  • 卡片格式
书名: Introduction to artificial intelligence
作者: Eugene Charniak, Drew McDermott.
分册号:
分册名:
出版地: Reading, Mass. :
 
出版社: Addison-Wesley
出版时间: c1985.
页数: xvii, 701 p. :
开本: 24 cm.
丛书名:
中图分类号:
科图分类号:
其他分类号: B848
主题词:
电子资源:
000 00932pam a2200289 a 450
001 E0761153491
005 20070505171740.43
008 840627s1985 maua b 001 0 eng
010    @a84014542
020    @a0201119455.
035    @A(DLC) 84014542
040    @aDLC@cDLC@dDLC
050 00 @aQ335@b.C483 1985
082 00 @a001.53/5@2 19
090    @aB848
099    @dB848@ex135
100 1  @aCharniak, Eugene.
245 10 @aIntroduction to artificial intelligence / @cEugene Charniak, Drew McDermott.
260    @aReading, Mass. :@bAddison-Wesley,@cc1985.
300    @axvii, 701 p. :@bill. ;@c24 cm.
500    @aIncludes index.
504    @aBibliography: p. [663]-685.
650  0 @aArtificial intelligence.
700 1  @aMcDermott, Drew V.
906    @a7@bcbc@corignew@d1@eocip@f19@gy-gencatlg
991    @bc-GenColl@hQ335@i.C483 1985@p00001370108@tCopy 2@wCCF
991    @bc-GenColl@hQ335@i.C483 1985@tCopy 1@wBOOKS
    
    Introduction to artificial intelligence / / Eugene Charniak, Drew McDermott.-Reading, Mass. : : Addison-Wesley, , c1985.
    xvii, 701 p. : : ill. ; ; 24 cm.
    Includes index.-Bibliography: p. [663]-685.
    
    ISBN 0201119455.
    
●
相关链接 在E读中查询图书 在五车中查询图书 在当当中查询图书 在豆瓣中查询图书


正题名:Introduction to artificial intelligence     索取号:B848/x135         预约/预借

序号 登录号 条形码 馆藏地/架位号 状态 备注
1 0006629   300066292   第二样本阅览室/ [索取号:B848/x135] 在馆    
唐山师范学院图书馆 欢迎您!
大连网信软件有限公司© 版权所有